Malesia-visa - Statistics

Yleistilastot
  • Tätä visaa on pelattu 295 kertaa
  • Keskiarvotulos 13 / 20
Vastaustilastot
Vihje Vastaus % Oikein
Malesian naapurimaat Indonesia
96%
Malesian naapurimaat Thaimaa
94%
Pääkaupunki Kuala Lumpur
93%
Saarivaltio, joka itsenäistyi Malesiasta vuonna 1965 Singapore
91%
Harjoitetuin uskonto Islam
88%
Malesian naapurimaat Brunei
86%
Malesian lipussa on enemmän näitä kuin minkään muun valtion lipussa Raitoja
81%
Valtio, josta Malesia itsenäistyi vuonna 1957 Yhdistynyt kuningaskunta
79%
Perusviljelykasvi Riisi
77%
Saari, jolla Malesian itäosa sijaitsee Borneo
68%
Malesian länsiosassa sijaitseva niemimaa, jonka se jakaa esimerkiksi Vietnamin ja Laosin kanssa Indokiina
58%
Malesian korkeimmat rakennukset, jotka olivat aiemmin maailman korkeimmat Petronas Towers
58%
Meri, jossa Malesialla ja useilla muilla valtioilla on aluekiistoja Etelä-Kiinan meri
57%
Kansalliseläin Malakantiikeri
50%
Kansallishedelmä (suuri ja haiseva) Durio
40%
Salmi, joka sijaitsee Malesian ja Sumatran välissä {Malakan}salmi
37%
Ruumiillisen rangaistuksen muoto, joka määrätään tietyistä rikoksista Kepitys
33%
Brittiläisen kuninkaan mukaan nimetty kaupunki, joka on toiseksi suurin kaupunkialue Malesiassa George Town
24%
Valuutta Ringgit
23%
Malesialainen kaupunki, joka sijaitsee juuri yllä olevan saaren pohjoispuolella Johor Bahru
20%
Ehtoja vastaavia visoja ei löytynyt
Tulosjakauma
Jokaisen tuloksen saaneiden osuus
Persentiili vastausten määrän mukaan
Tuloshistoriasi
Et ole pelannut tätä visaa